000 01134nam a22002657a 4500
999 _c65947
_d65947
005 20240530110851.0
008 200912s2019 ua a f b 000 0dara d
017 _a2014/19308
_bمصر. دار الكتب
020 _a9789777188548
040 _aEG-CaGPL
_cEG-CaGPL
082 0 4 _221
_a932
_bق/و د
100 1 _aونيك ، روبرت ج.
245 1 2 _aالدولة المصرية القديمة منبع حضارة مصر :
_bما يقرب من 8000 - 2000 قبل الميلاد /
_cتاليف روبرت ج. ونيك ؛ ترجمة نرمين كامل
250 _aط.1
260 _aالقاهرة :
_bالمركز القومى للترجمة ،
_c2019
300 _a609ص. ؛
_c24 سم.
490 0 _aالمركز القومى للترجمة ؛
_v2659
504 _aيشتمل على ارجاعات ببليوجرافية
650 0 7 _2qrmak
_aالحضارة الفرعونية
650 0 7 _aالفن المصرى القديم
_2qrmak
651 0 7 _aمصر القديمة
_xتاريخ
_2qrmak
700 0 _aنرمين كامل
_eمترجم
942 _2ddc
_cBK